Programas para la estimulación de las habilidades de la inteligencia: estrategias de regulación y motivación para aprender

Đã lưu trong:
Chi tiết về thư mục
Những tác giả chính: Ayala Flores, Carlos L (Tác giả), Yuste Hernanz, Carlos (Tác giả)
Định dạng: Sách
Ngôn ngữ:Tiếng Tây Ban Nha
Được phát hành: Madrid CEPE 2000
Loạt:Progresint, 31
Những chủ đề:
Các nhãn: Thêm thẻ
Không có thẻ, Là người đầu tiên thẻ bản ghi này!

MARC

LEADER 00000nam a2200000 a 4500
001 UCO6611
003 CL-VaPUC
008 001027e20000000SP |||||||||||||||||spa|d
082 0 4 |a 372.8  |b AYA  |2 21 
100 0 |a Ayala Flores, Carlos L  |e author  |9 451391 
700 0 |a Yuste Hernanz, Carlos  |e author  |9 451392 
245 1 0 |a Programas para la estimulación de las habilidades de la inteligencia: estrategias de regulación y motivación para aprender 
300 |a 128 p 
942 |c BK 
945 |d 20001027 00:00:00  |a vberengu 
260 |a Madrid  |b CEPE  |c 2000 
650 0 |a Aprendizaje   |9 254827 
650 0 |a Escritura  |9 264941 
650 0 |a Lectura  |9 307634 
650 0 |a Métodos de aprendizaje  |9 334464 
650 0 |a Métodos de enseñanza  |9 270413 
650 0 |a Técnicas de comunicación  |9 334811 
583 |a last modification  |c 20001027 00:00:00  |k Rodrigo Vera 
490 0 |a Progresint, 31 
999 |c 292092  |d 292090 
952 |0 0  |1 0  |4 0  |6 372_800000000000000_AYA_2000  |7 0  |8 A  |9 342674  |a BIBEDU  |b BIBEDU  |d 2019-11-20  |i 3660796  |o 372.8 AYA 2000  |p 3660796  |r 2019-11-20  |w 2019-11-20  |y BK  |k BME